Statistics for New 1M Cities According to Citypopulation 2021

Click here to take the quiz!

General Stats

  • This quiz has been taken 124 times
  • The average score is 4 of 14

Answers on the Map

Answers color-coded by a green-red scale on the quiz's map according to % correct below.
 

Answer Stats

PopulationCity% Correct
removedHonolulu
91%
1,010,000Jerusalem
87%
removedMexicali
63%
1,010,000Chihuahua
51%
1,000,000Cúcuta
29%
1,040,000Saltillo
28%
removedMorelia
20%
1,000,000Cheongju
12%
1,020,000Saharanpur
8%
1,060,000Puyang
7%
1,030,000Shangqiu
5%
1,010,000Shuyang
5%
1,030,000Jiangjin
4%
1,000,000Lu'an
4%

Score Distribution

Percentile by Number Answered

Percent of People with Each Score

Your Score History

You have not taken this quiz